V reklamě se nejvíc cení humor a vtip
Prieskum sledovanosti reklám v Českej republike v roku 2006 počas premietania reklamných spotov pod názvom Noc reklamožrútov. Ako vníma český respondent televíznu reklamu. Aká reklama zaujala respondenta. Existencia českého reklamného štýlu. Humor a vtip ako hlavné pútače. Čo je pre český reklamný...
Guardado en:
| Autor principal: | |
|---|---|
| Formato: | Capítulo de libro |
| Lenguaje: | checo |
| Materias: | |
| Etiquetas: |
Sin Etiquetas, Sea el primero en etiquetar este registro!
|
MARC
| LEADER | 00000naa$a2200000$$$4500 | ||
|---|---|---|---|
| 001 | 0056258 | ||
| 005 | 20231018130449.7 | ||
| 041 | 0 | |a cze | |
| 044 | |a CZ | ||
| 245 | 1 | 0 | |a V reklamě se nejvíc cení humor a vtip |c Dušan Pavlů |
| 520 | |a Prieskum sledovanosti reklám v Českej republike v roku 2006 počas premietania reklamných spotov pod názvom Noc reklamožrútov. Ako vníma český respondent televíznu reklamu. Aká reklama zaujala respondenta. Existencia českého reklamného štýlu. Humor a vtip ako hlavné pútače. Čo je pre český reklamný štýl typické. | ||
| 610 | 2 | 0 | |a reklama |
| 610 | 2 | 0 | |a komunikácia masová |
| 610 | 2 | 0 | |a komunikácia marketingová |
| 610 | 2 | 0 | |a médiá |
| 610 | 2 | 0 | |a televízia |
| 610 | 2 | 0 | |a prieskum spotrebiteľský |
| 610 | 2 | 0 | |a humor |
| 610 | 2 | 0 | |a Česko |
| 100 | 1 | |a Pavlů, Dušan | |